1483 1940 1979 1166 1022 1537 1059 1156 1025 1765 1943 1764 1737 1036 1304 1148 1524 1678 1794 1613 1957 1650 1174 1963 1314 1579 1124 1037 1535 1567 1990 1628 1804 1015 1149 1413 1777 1122 1870 1150 1811 1440 1071 1797 1551 1447 1078 1053 1380 1478 1696 1636 1955 1424 1843 1006 1304 1589 1925 1983 1750 1014 1505 1710 1136 1416 1079 1305 1811 1858 1304 1306 1311 1984 1281 1711 1397 1860 1794 1788 1758 1763 1255 1871 1798 1719 1592 1710 1921 1138 1660 1233 1574 1959 1662 1297 1950 1257 1127 BCNSPRNW ULIB Ver.6.0+V

เปลี่ยนเป็นภาษาไทย

Change to English
 แสดงรายละเอียดบรรณานุกรม
  กลับหน้าหลัก

Brief Record : Get Marc (ISO 2709) : E-mail record : QR code < ปิดหน้าต่าง
LEADER : 00000nam 2200000uu 4500
001    13399114567
003     ULIB
008    120418s2551||||th 000 0 tha d
020    ^a9789743773631
090    ^aนว.^bs111ว 2551
100 0  ^asnowball
245 00 ^aวุ่นรักสายลับสาว/^csnowball
250    ^aพิมพ์ครั้งที่ 1
260    ^aกรุงเทพฯ :^bz-gire^c2551
300    ^a328 หน้า
710 1  ^az-gire
945    ^p230^l0^i15776
995    ^aกัณชพร
999    ^aใช้งานได้ทุกระบบ
รายการนี้ยังไม่มีแท็ก
คุณยังไม่ได้ล็อกอิน คุณสามารถมีกิจกรรมร่วมกับเว็บไซต์ได้ แต่ต้องล็อกอินก่อน ::
  ล็อกอิน

รายการสื่อสารสนเทศ

ลำดับที่ ประเภท เลขเรียก/บาร์โค้ด สถานที่ สถานะ
1. นวนิยาย
นวนิยาย
นว. s111ว 2551  
  Barcode: 15776
ห้องสมุดวิทยาเขตสวรรค์ประชารักษ์
►นวนิยาย
บนชั้น
  ขอยืม

BibComment


ยังไม่เคยถูกคอมเมนท์

คอมเมนท์ทรัพยากรรายการนี้
  คอมเมนท์: วุ่นรักสายลับสาว..


 Copyright 2026. Bcnsprnw @Library